[Event "Tula"]
[Site "Tula"]
[Date "2018.04.12"]
[Round "7"]
[White "Arakeljan, Armen M"]
[Black "Moiseenko, Vladimir"]
[Result "1/2-1/2"]
[WhiteElo "2252"]
[BlackElo "2247"]
[PlyCount "78"]
[EventDate "2018.04.09"]
[EventType "tourn"]
[EventRounds "13"]
[EventCountry "RUS"]
[EventCategory "2"]
[SourceTitle "CBM 184 Extra"]
[Source "ChessBase"]
[SourceDate "2018.06.28"]
[SourceVersion "1"]
[SourceVersionDate "2018.06.28"]
[SourceQuality "1"]

1. d4 Nf6 2. c4 g6 3. Nc3 Bg7 4. e4 d6 5. f3 0-0 6. Be3 b6 7. Qd2 c5 8. Rd1 cxd4 9. Bxd4 Nc6 10. Be3 Bb7 11. Bd3 e6 12. Nge2 d5 13. cxd5 exd5 14. Bg5 dxe4 15. Nxe4 Nxe4 16. Bxe4 Qxd2+ 17. Rxd2 Na5 18. Bxb7 Nxb7 19. 0-0 h6 20. Be3 Rfe8 21. Kf2 Re7 22. Rfd1 Rae8 23. Bd4 Na5 24. Bxg7 Kxg7 25. Rc1 Nb7 26. b4 Nd8 27. Rc8 Ne6 28. Rxe8 Rxe8 29. Rd7 Ra8 30. Ke3 a5 31. bxa5 Rxa5 32. Nc3 Ra3 33. Kd2 b5 34. Rb7 Nd4 35. Kd3 Ne2 36. Kxe2 Rxc3 37. Rxb5 Rc2+ 38. Kf1 Rxa2 39. h4 h5 1/2-1/2

[Event "Tula"]
[Site "Tula"]
[Date "2018.04.09"]
[Round "1"]
[White "Gusev, Aleksey"]
[Black "Arakeljan, Armen M"]
[Result "1/2-1/2"]
[WhiteElo "2368"]
[BlackElo "2252"]
[PlyCount "65"]
[EventDate "2018.04.09"]
[EventType "tourn"]
[EventRounds "13"]
[EventCountry "RUS"]
[EventCategory "2"]
[SourceTitle "CBM 184 Extra"]
[Source "ChessBase"]
[SourceDate "2018.06.28"]
[SourceVersion "1"]
[SourceVersionDate "2018.06.28"]
[SourceQuality "1"]

1. d4 d5 2. c4 dxc4 3. e3 e5 4. Bxc4 exd4 5. Qxd4 Qxd4 6. exd4 Nc6 7. Be3 Bb4+ 8. Nc3 Nge7 9. a3 Bxc3+ 10. bxc3 Bf5 11. Nf3 0-0 12. 0-0 Na5 13. Ba2 Bd3 14. Rfd1 Bc4 15. Bxc4 Nxc4 16. Ne5 Nxe5 17. dxe5 Rfd8 18. Kf1 Nf5 19. Bg5 Re8 20. g4 Ne7 21. Rd7 Ng6 22. Rxc7 b6 23. Re1 h6 24. e6 fxe6 25. Bc1 e5 26. Re4 Rec8 27. Rec4 Ne7 28. Rxc8+ Rxc8 29. Rxc8+ Nxc8 30. Ke2 Kf7 31. Kd3 Nd6 32. a4 Ke6 33. c4 1/2-1/2

[Event "Bolkhov"]
[Site "Bolkhov"]
[Date "2017.10.01"]
[Round "3"]
[White "Kurilin, Alexander"]
[Black "Arakeljan, Armen M"]
[Result "1/2-1/2"]
[WhiteElo "2278"]
[BlackElo "2320"]
[PlyCount "75"]
[EventDate "2017.09.30"]
[EventType "tourn"]
[EventRounds "13"]
[EventCountry "RUS"]
[SourceTitle "CBM 181 Extra"]
[Source "ChessBase"]
[SourceDate "2017.12.12"]
[SourceVersion "1"]
[SourceVersionDate "2017.12.12"]
[SourceQuality "1"]

1. e4 c6 2. d4 d5 3. e5 Bf5 4. Nf3 e6 5. Be2 Ne7 6. 0-0 c5 7. c4 Nbc6 8. dxc5 d4 9. Qa4 Ng6 10. Rd1 d3 11. Be3 Be7 12. Bxd3 Bxd3 13. Qb3 Ngxe5 14. Nxe5 Nxe5 15. f4 Ng4 16. Rxd3 Qc7 17. Qa4+ Qc6 18. Qxc6+ bxc6 19. Bf2 Nxf2 20. Kxf2 Rb8 21. b3 Bxc5+ 22. Kf3 Ke7 23. Nc3 Rhd8 24. Rad1 Rxd3+ 25. Rxd3 Rd8 26. Rxd8 Kxd8 27. Ne4 Be7 28. Ng5 Ke8 29. Ke4 h6 30. Nf3 f5+ 31. Ke5 Kd7 32. Kd4 c5+ 33. Ke3 Bf6 34. Ne5+ Bxe5 35. fxe5 Kc6 36. h4 g5 37. h5 a5 38. a4 1/2-1/2

[Event "Livny"]
[Site "Livny"]
[Date "2017.07.06"]
[Round "6"]
[White "Arakeljan, Armen M"]
[Black "Domogaev, Sergey"]
[Result "1/2-1/2"]
[WhiteElo "2348"]
[BlackElo "2395"]
[PlyCount "32"]
[EventDate "2017.07.01"]
[EventType "tourn"]
[EventRounds "9"]
[EventCountry "RUS"]
[EventCategory "6"]
[SourceTitle "EXT 2018"]
[Source "ChessBase"]
[SourceDate "2017.10.13"]
[SourceVersion "1"]
[SourceVersionDate "2017.10.13"]
[SourceQuality "1"]

1. e4 e5 2. Nf3 Nc6 3. Bb5 Nf6 4. 0-0 Nxe4 5. d4 Be7 6. Qe2 Nd6 7. Bxc6 dxc6 8. dxe5 Nf5 9. Rd1 Bd7 10. e6 fxe6 11. Ne5 Bd6 12. Qh5+ g6 13. Nxg6 Ng7 14. Qh6 Nf5 15. Qh5 Ng7 16. Qh6 Nf5 1/2-1/2

[Event "Livny"]
[Site "Livny"]
[Date "2017.07.05"]
[Round "5"]
[White "Saulin, Dmitri"]
[Black "Arakeljan, Armen M"]
[Result "1-0"]
[WhiteElo "2374"]
[BlackElo "2348"]
[PlyCount "81"]
[EventDate "2017.07.01"]
[EventType "tourn"]
[EventRounds "9"]
[EventCountry "RUS"]
[EventCategory "6"]
[SourceTitle "EXT 2018"]
[Source "ChessBase"]
[SourceDate "2017.10.13"]
[SourceVersion "1"]
[SourceVersionDate "2017.10.13"]
[SourceQuality "1"]

1. e4 e5 2. Nf3 Nc6 3. Bb5 a6 4. Ba4 Nf6 5. 0-0 Be7 6. Bxc6 dxc6 7. d3 Bg4 8. h3 Bxf3 9. Qxf3 Qd6 10. Nd2 Nd7 11. Nc4 Qf6 12. Ne3 b5 13. Qg3 h5 14. a4 h4 15. Qg4 b4 16. Nc4 a5 17. f4 Qg6 18. Qxd7+ Kxd7 19. Nxe5+ Ke6 20. Nxg6 Bc5+ 21. Kh1 fxg6 22. Bd2 Rad8 23. Rae1 b3 24. cxb3 Rxd3 25. Bxa5 Rxb3 26. Rc1 Bb6 27. Bc3 Rd8 28. Bxg7 Rd2 29. Rxc6+ Kd7 30. Rxg6 Rbd3 31. Kh2 Rd1 32. Rxd1 Rxd1 33. g3 Rd2+ 34. Kh1 Rd1+ 35. Kg2 Rd2+ 36. Kf3 Rd3+ 37. Kg4 Rxg3+ 38. Kf5 Rxh3 39. e5 Re3 40. e6+ Kc8 41. Be5 1-0

[Event "Dubna Suetin Memorial"]
[Site "Dubna"]
[Date "2016.11.24"]
[Round "12"]
[White "Konovalov, Nikolay"]
[Black "Arakeljan, Armen M"]
[Result "1-0"]
[WhiteElo "2459"]
[BlackElo "2334"]
[PlyCount "117"]
[EventDate "2016.11.16"]
[EventType "tourn"]
[EventRounds "13"]
[EventCountry "RUS"]
[EventCategory "5"]
[SourceTitle "CBM 175 Extra"]
[Source "ChessBase"]
[SourceDate "2016.12.12"]
[SourceVersion "1"]
[SourceVersionDate "2016.12.12"]
[SourceQuality "1"]

1. e4 e5 2. Nf3 Nc6 3. Bb5 f5 4. Nc3 fxe4 5. Nxe4 d5 6. Nxe5 dxe4 7. Nxc6 Qg5 8. Qe2 Nf6 9. f4 Qxf4 10. Ne5+ c6 11. d4 Qh4+ 12. g3 Qh3 13. Bc4 Be6 14. Bg5 0-0-0 15. 0-0-0 Bd6 16. Qf1 Rhe8 17. Bxf6 gxf6 18. Nf7 Qxf1 19. Bxe6+ Rxe6 20. Rhxf1 Rd7 21. Nh6 Bf8 22. Nf5 e3 23. Rde1 c5 24. c3 Rd5 25. Kc2 Rd8 26. Re2 cxd4 27. cxd4 Ra6 28. a3 Kd7 29. Rxe3 Rc6+ 30. Rc3 Ke6 31. Kd3 Rxc3+ 32. Kxc3 h5 33. Kc4 a6 34. Nh4 b5+ 35. Kd3 Bc5 36. Re1+ Kf7 37. Nf5 Kg6 38. Rc1 Bd6 39. Nh4+ Kg5 40. Rc6 f5 41. Nf3+ Kg4 42. Ke3 h4 43. gxh4 Bf4+ 44. Kf2 Re8 45. Rg6+ Kh5 46. Rxa6 Re3 47. h3 Rb3 48. Rf6 Rxb2+ 49. Ke1 Bg3+ 50. Kd1 f4 51. d5 Rb3 52. Ne5 Bxh4 53. Rf5+ Kh6 54. d6 Rxa3 55. Rxf4 Rxh3 56. d7 Kh5 57. Rxh4+ Rxh4 58. d8Q Ra4 59. Qe8+ 1-0

[Event "Dubna Suetin Memorial"]
[Site "Dubna"]
[Date "2016.11.21"]
[Round "8"]
[White "Arakeljan, Armen M"]
[Black "Golovin, Nikolay M"]
[Result "1-0"]
[WhiteElo "2334"]
[BlackElo "2223"]
[PlyCount "111"]
[EventDate "2016.11.16"]
[EventType "tourn"]
[EventRounds "13"]
[EventCountry "RUS"]
[EventCategory "5"]
[SourceTitle "CBM 175 Extra"]
[Source "ChessBase"]
[SourceDate "2016.12.12"]
[SourceVersion "1"]
[SourceVersionDate "2016.12.12"]
[SourceQuality "1"]

1. e4 c5 2. c3 d5 3. exd5 Qxd5 4. d4 Nf6 5. Nf3 Bg4 6. Be2 Nc6 7. 0-0 e6 8. Be3 cxd4 9. Nxd4 Bxe2 10. Qxe2 Nxd4 11. Bxd4 Be7 12. Rd1 Qc6 13. Nd2 0-0 14. Nf3 Rfd8 15. Ne5 Qe4 16. Qxe4 Nxe4 17. f3 Nc5 18. Kf1 f6 19. Nc4 b6 20. Bxc5 Bxc5 21. Rxd8+ Rxd8 22. Ke2 Kf7 23. a4 e5 24. b4 Be7 25. a5 bxa5 26. Rxa5 Rc8 27. Kd3 Rc7 28. Ra6 Rd7+ 29. Kc2 Bf8 30. Kb3 g6 31. h3 Be7 32. Na5 Rd2 33. Rxa7 Ke6 34. b5 Rxg2 35. Ra6+ Kd7 36. b6 Bd8 37. b7 Bc7 38. Rxf6 Ke7 39. Rb6 Rf2 40. Nc6+ Kd7 41. Nb4 Bb8 42. Na6 Ba7 43. c4 Rxf3+ 44. Kb4 Rf8 45. b8Q Bxb8 46. Rxb8 Rxb8+ 47. Nxb8+ Ke6 48. Kb5 e4 49. c5 e3 50. Nc6 Kd7 51. Nd4 Kc7 52. Kc4 g5 53. Kd3 e2 54. Kxe2 h5 55. Ke3 Kb7 56. Ke4 1-0

[Event "Dubna Novikov Memorial"]
[Site "Dubna"]
[Date "2016.07.30"]
[Round "9"]
[White "Novikov, Maxim"]
[Black "Arakeljan, Armen M"]
[Result "1-0"]
[WhiteElo "2513"]
[BlackElo "2331"]
[PlyCount "119"]
[EventDate "2016.07.22"]
[EventType "tourn"]
[EventRounds "9"]
[EventCountry "RUS"]
[EventCategory "7"]
[SourceTitle "CBM 173 Extra"]
[Source "ChessBase"]
[SourceDate "2016.08.29"]
[SourceVersion "1"]
[SourceVersionDate "2016.08.29"]
[SourceQuality "1"]

1. d4 d5 2. c4 dxc4 3. e4 e5 4. Nf3 exd4 5. Bxc4 Nc6 6. 0-0 Be6 7. Bxe6 fxe6 8. Qb3 Qd7 9. Qxb7 Rb8 10. Qa6 Nf6 11. Nbd2 Bd6 12. b3 0-0 13. Bb2 e5 14. Rfc1 Rb6 15. Qe2 Kh8 16. Nc4 Rbb8 17. Ne1 Rfe8 18. f3 Nh5 19. g3 Nf6 20. Nd3 Nb4 21. Nf2 h6 22. a3 Nc6 23. b4 g5 24. b5 Ne7 25. a4 Qe6 26. Nxd6 Qxd6 27. Ba3 Qd7 28. Rc5 Ng6 29. Rac1 Rb7 30. Rc6 Kg7 31. Nd3 Qf7 32. Nc5 Rb6 33. Rxc7 Re7 34. Na6 Rd7 35. Rxd7 Nxd7 36. Rc7 Kh8 37. Nc5 Ngf8 38. Rxa7 Rf6 39. Kg2 h5 40. Nd3 Qe8 41. a5 h4 42. b6 h3+ 43. Kxh3 Ng6 44. Bc1 Ngf8 45. Bxg5 Qh5+ 46. Kg2 Qxg5 47. b7 Ng6 48. Ra8+ Kh7 49. Rd8 Ngf8 50. a6 Rxa6 51. Rxf8 Qg7 52. b8Q Nxb8 53. Rxb8 Qa7 54. Qb2 Ra2 55. Rb7+ Qxb7 56. Qxa2 Qc7 57. Qe6 Qc2+ 58. Nf2 d3 59. Qd7+ Kg6 60. Qxd3 1-0

[Event "Tula Rjazanov Memorial"]
[Site "Tula"]
[Date "2016.02.14"]
[Round "9"]
[White "Arakeljan, Armen M"]
[Black "Domogaev, Sergey"]
[Result "0-1"]
[WhiteElo "2299"]
[BlackElo "2439"]
[PlyCount "90"]
[EventDate "2016.02.05"]
[EventType "swiss"]
[EventRounds "9"]
[EventCountry "RUS"]
[SourceTitle "CBM 171 Extra"]
[Source "ChessBase"]
[SourceDate "2016.04.26"]
[SourceVersion "1"]
[SourceVersionDate "2016.04.26"]
[SourceQuality "1"]

1. b3 d5 2. Bb2 Bg4 3. h3 Bh5 4. Nf3 Nd7 5. e3 e6 6. Be2 Ngf6 7. c4 c6 8. d3 h6 9. Nbd2 Bd6 10. a3 Qe7 11. b4 Bg6 12. Rc1 e5 13. cxd5 cxd5 14. 0-0 0-0 15. Qb3 Rfc8 16. Rxc8+ Rxc8 17. Rc1 Rxc1+ 18. Bxc1 a6 19. Bb2 e4 20. Nd4 Ne5 21. dxe4 dxe4 22. Nc4 Nxc4 23. Qxc4 Qe5 24. g3 Kh7 25. Bc3 Qg5 26. h4 Qd5 27. Nb3 Qf5 28. Nd4 Qd7 29. a4 Ng4 30. Kg2 Ne5 31. Qb3 Nd3 32. h5 Bf5 33. b5 Nc1 34. Qc4 axb5 35. axb5 Bh3+ 36. Kg1 Nxe2+ 37. Qxe2 Qc8 38. Qd2 Qc4 39. Ne2 Bc5 40. Qb2 Ba3 41. Qd2 f6 42. Bd4 Bg4 43. Nf4 Bf3 44. b6 Qb3 45. Ne2 Qb1+ 0-1

[Event "Tula Rjazanov Memorial"]
[Site "Tula"]
[Date "2016.02.07"]
[Round "2"]
[White "Arakeljan, Armen M"]
[Black "Moiseenko, Vladimir"]
[Result "1-0"]
[WhiteElo "2299"]
[BlackElo "2115"]
[PlyCount "65"]
[EventDate "2016.02.05"]
[EventType "swiss"]
[EventRounds "9"]
[EventCountry "RUS"]
[SourceTitle "CBM 171 Extra"]
[Source "ChessBase"]
[SourceDate "2016.04.26"]
[SourceVersion "1"]
[SourceVersionDate "2016.04.26"]
[SourceQuality "1"]

1. e4 e5 2. Nf3 Nc6 3. Bb5 f5 4. Nc3 Nd4 5. Bc4 d6 6. d3 Nf6 7. Nxd4 exd4 8. Ne2 fxe4 9. dxe4 Nxe4 10. Qxd4 Nf6 11. Bg5 c6 12. 0-0-0 d5 13. Nf4 Be7 14. Rhe1 0-0 15. Bb3 a5 16. a3 Re8 17. Bxf6 Bxf6 18. Nxd5 Bxd4 19. Nf6+ Kh8 20. Rxe8+ Qxe8 21. Nxe8 Bb6 22. Nd6 g6 23. Re1 Kg7 24. Re8 Bxf2 25. Nxc8 Bg1 26. h3 a4 27. Be6 Bc5 28. Kd2 Kf6 29. Kd3 h5 30. c3 Ra5 31. Bc4 h4 32. Re6+ Kg5 33. Nd6 1-0

[Event "Dubna"]
[Site "Dubna"]
[Date "2015.12.01"]
[Round "7"]
[White "Soozankar, Amir Mohammad"]
[Black "Arakeljan, Armen M"]
[Result "1/2-1/2"]
[WhiteElo "2284"]
[BlackElo "2337"]
[PlyCount "81"]
[EventDate "2015.11.28"]
[EventType "tourn"]
[EventRounds "13"]
[EventCountry "RUS"]
[EventCategory "6"]
[SourceTitle "EXT 2017"]
[Source "ChessBase"]
[SourceDate "2016.10.25"]
[SourceVersion "1"]
[SourceVersionDate "2016.10.25"]
[SourceQuality "1"]

1. e4 e5 2. Nf3 Nc6 3. Nc3 Nf6 4. g3 Bc5 5. Bg2 d6 6. d3 a6 7. Be3 Bxe3 8. fxe3 Bg4 9. 0-0 Ne7 10. h3 Bxf3 11. Rxf3 c6 12. Qd2 0-0 13. Raf1 b5 14. Qf2 b4 15. Ne2 Ng6 16. g4 h6 17. Ng3 Nh4 18. Rxf6 gxf6 19. Qxf6 Kh7 20. Nh5 Qxf6 21. Rxf6 Rad8 22. Kh2 Ng6 23. Kg3 a5 24. d4 c5 25. c3 bxc3 26. bxc3 cxd4 27. cxd4 Ne7 28. Bf1 Nc6 29. Bd3 Nb4 30. Bc4 Nc2 31. Kf3 exd4 32. e5 Nxe3 33. Bd3+ Kg8 34. exd6 Nd5 35. Rxh6 f6 36. d7 Rxd7 37. Rg6+ Kh8 38. Rh6+ Kg8 39. Rg6+ Kh8 40. Rh6+ Kg8 41. Rg6+ 1/2-1/2

[Event "Raskazovo"]
[Site "Raskazovo"]
[Date "2015.04.14"]
[Round "10"]
[White "Arakeljan, Armen M"]
[Black "Golovin, Nikolay M"]
[Result "1-0"]
[WhiteElo "2408"]
[BlackElo "2288"]
[PlyCount "85"]
[EventDate "2015.04.08"]
[EventType "tourn"]
[EventRounds "11"]
[EventCountry "RUS"]
[SourceTitle "CBM 166 Extra"]
[Source "ChessBase"]
[SourceDate "2015.06.18"]
[SourceVersion "1"]
[SourceVersionDate "2015.06.18"]
[SourceQuality "1"]

1. e4 c5 2. Nf3 e6 3. c4 Nc6 4. d4 cxd4 5. Nxd4 d6 6. Nc3 Nf6 7. Be3 Be7 8. Be2 0-0 9. 0-0 Bd7 10. Qd2 Rc8 11. Rfd1 Ne8 12. Rac1 Ne5 13. b3 a6 14. Kh1 Ng6 15. Rc2 f5 16. exf5 exf5 17. f4 Nf6 18. Bf3 Rb8 19. a4 Nh4 20. Be2 Bc6 21. Nd5 Qe8 22. Ne6 Ne4 23. Qd3 Rf7 24. g4 Rc8 25. gxf5 Nf6 26. Kg1 Bxd5 27. cxd5 Rxc2 28. Qxc2 g6 29. fxg6 hxg6 30. Bf2 Nf5 31. Kh1 Bf8 32. Rg1 Bg7 33. Rxg6 Nxd5 34. Nxg7 Nxg7 35. Bc4 Nxf4 36. Bxf7+ Qxf7 37. Rxd6 Nfe6 38. Kg1 Qf3 39. Qd3 Qf4 40. Qd5 Kf8 41. Rd7 Ke8 42. Kg2 Qf6 43. Qxb7 1-0

[Event "Raskazovo"]
[Site "Raskazovo"]
[Date "2015.04.10"]
[Round "4"]
[White "Arakeljan, Armen M"]
[Black "Kozlov, Mikhail P"]
[Result "1/2-1/2"]
[WhiteElo "2408"]
[BlackElo "2327"]
[PlyCount "66"]
[EventDate "2015.04.08"]
[EventType "tourn"]
[EventRounds "11"]
[EventCountry "RUS"]
[SourceTitle "CBM 166 Extra"]
[Source "ChessBase"]
[SourceDate "2015.06.18"]
[SourceVersion "1"]
[SourceVersionDate "2015.06.18"]
[SourceQuality "1"]

1. e4 d6 2. d4 Nf6 3. Nc3 e5 4. Nf3 Nbd7 5. Bc4 Be7 6. a4 0-0 7. 0-0 c6 8. Re1 a5 9. h3 Nb6 10. Bf1 exd4 11. Nxd4 Ne8 12. Nce2 g6 13. Bh6 Ng7 14. Nf4 Bg5 15. Bxg5 Qxg5 16. Nd3 Ne6 17. Nf3 Qf6 18. c3 Nd7 19. Qd2 Qe7 20. Rad1 Re8 21. h4 h5 22. Qh6 b6 23. g3 Ba6 24. e5 d5 25. Bh3 Qf8 26. Qe3 Bxd3 27. Qxd3 Ndc5 28. Qc2 Qe7 29. Nd4 Qc7 30. Kg2 Rad8 31. Re3 Re7 32. b3 Kh7 33. Rc1 Rg8 1/2-1/2

[Event "Tula Efremenkov Memorial"]
[Site "Tula"]
[Date "2015.01.25"]
[Round "13"]
[White "Bernshteyn, Michael"]
[Black "Arakeljan, Armen M"]
[Result "0-1"]
[WhiteElo "2395"]
[BlackElo "2307"]
[PlyCount "124"]
[EventDate "2015.01.14"]
[EventType "tourn"]
[EventRounds "13"]
[EventCountry "RUS"]
[EventCategory "2"]
[SourceTitle "CBM 164 Extra"]
[Source "ChessBase"]
[SourceDate "2015.03.02"]
[SourceVersion "1"]
[SourceVersionDate "2015.03.02"]
[SourceQuality "1"]

1. g3 e5 2. b3 Nc6 3. Bb2 d5 4. Bg2 Nf6 5. d3 Be6 6. e3 Bd6 7. Ne2 a5 8. Nd2 h6 9. 0-0 a4 10. c4 a3 11. Bc3 Bb4 12. Qc1 0-0 13. Bxb4 Nxb4 14. Qc3 Qe7 15. d4 exd4 16. exd4 Rfd8 17. Nf4 c5 18. Nxe6 fxe6 19. dxc5 Qxc5 20. Qe5 Re8 21. Ne4 Nxe4 22. Bxe4 Rad8 23. Bg6 Re7 24. h4 b6 25. h5 Nc6 26. Qf4 Nd4 27. Qe3 dxc4 28. bxc4 Qxc4 29. Qxa3 Rc7 30. Qe3 e5 31. a3 Rc5 32. Rae1 Rf8 33. f4 Nf5 34. Qf2 e4 35. Bxf5 Rfxf5 36. g4 Rfd5 37. Rc1 Qxc1 38. Rxc1 Rxc1+ 39. Kg2 Rd3 40. g5 hxg5 41. fxg5 Rc5 42. Qa2+ Kh7 43. Kf1 Rxg5 44. Qe6 Rf3+ 45. Ke2 Rg2+ 46. Ke1 Re3+ 47. Kf1 Rgg3 48. a4 Rgf3+ 49. Kg2 Re2+ 50. Kg1 Rf6 51. Qe8 Re1+ 52. Kg2 Re3 53. Kh2 Rd6 54. Kg2 Rh6 55. Kf2 Rf3+ 56. Ke2 Rf4 57. Ke3 Rh4 58. Kd4 R6xh5 59. Qd8 Rh6 60. Ke3 Rh3+ 61. Kxe4 R6h4+ 62. Ke5 Rxa4 0-1